La Pediatría española. (Record no. 1615)

MARC details
000 -LEADER
campo de control de longitud fija 00819nas a2200265 i 4500
001 - NÚMERO DE CONTROL
campo de control 1615
003 - IDENTIFICADOR DE NÚMERO DE CONTROL
campo de control ES-MaACL
005 - FECHA Y HORA DE LA ÚLTIMA TRANSACCIÓN
campo de control 20250713083006.0
007 - CAMPO FIJO DE DESCRIPCIÓN FÍSICA--INFORMACIÓN GENERAL
campo de control de longitud fija t|
008 - DATOS DE LONGITUD FIJA--INFORMACIÓN GENERAL
campo de control de longitud fija 950801d19121936sp | | 1 ||pa d
022 ## - NÚMERO INTERNACIONAL NORMALIZADO PARA PUBLICACIONES SERIADAS
Número Internacional Normalizado para Publicaciones Seriadas 0369-8793
080 ## - NÚMERO DE LA CLASIFICACIÓN DECIMAL UNIVERSAL
Número de la Clasificación Decimal Universal 616
245 03 - MENCIÓN DEL TÍTULO
Título La Pediatría española.
260 ## - PUBLICACIÓN, DISTRIBUCIÓN, ETC.
Lugar de publicación, distribución, etc. Madrid :
Nombre del editor, distribuidor, etc. [Tip. Asilo Niño Jesús],
Fecha de publicación, distribución, etc. 1912-1936.
300 ## - DESCRIPCIÓN FÍSICA
Extensión 13 v. :
Otras características físicas grab. ;
Dimensiones 22 cm.
310 ## - PERIODICIDAD ACTUAL
Periodicidad actual Mensual
362 0# - FECHAS DE PUBLICACIÓN Y/O DESIGNACIÓN SECUENCIAL
Fecha de publicación y/o designación secuencial Año I, t. 1 (1912)-(1936)
500 ## - NOTA GENERAL
Nota general Fecha final e ISSN tomados de : Revistas españolas con ISSN, 1987.
650 14 - PUNTO DE ACCESO ADICIONAL DE MATERIA--TÉRMINO DE MATERIA
Término de materia o nombre geográfico como elemento de entrada Patología.
9 (RLIN) 15884
700 1# - ENTRADA AGREGADA--NOMBRE PERSONAL
Nombre de persona Sarabia y Pardo, Jesús,
Fechas asociadas al nombre 1865-1943
9 (RLIN) 103740
700 1# - ENTRADA AGREGADA--NOMBRE PERSONAL
Nombre de persona Cavengt, Santiago,
Término indicativo de función/relación
9 (RLIN) 194257
852 ## - LOCALIZACIÓN
Ubicación ES-MaACL
Número de control de estantería HEM-D-166
Encuadernación Hem-1367
Signatura antigua
866 #0 - MENCIÓN TEXTUAL DE FONDOS--UNIDAD BIBLIOGRÁFICA BÁSICA
Fondos 1924-27(1928f.febr.-mar. y ago.)1930-36
Holdings
Estatus retirado Estado de pérdida Estado de daño No para préstamo Colección Biblioteca de origen Biblioteca actual Ubicación en estantería Fecha de adquisición Fuente de adquisición Total de préstamos Signatura topográfica completa Código de barras Visto por última vez Precio de reemplazo Tipo de ítem Koha
        Periódicos y Revistas Biblioteca del Ateneo de Madrid Biblioteca del Ateneo de Madrid Depósito 2 17/01/2008     HEM-D-166 1001650 23/02/2023 23/02/2023 Revista